| 000 | 00526nam a2200193 a 4500 | ||
|---|---|---|---|
| 005 | 20210223120700.0 | ||
| 008 | 991125s1990 mx 000 0 spa u | ||
| 020 | _a8475095798 | ||
| 035 | _aUPN01000005396 | ||
| 049 | _aCG | ||
| 050 | 4 |
_aP153 _bCH6.28 |
|
| 100 | 1 |
_aChomsky, Noam, _d1928- |
|
| 245 | 1 | 0 |
_aBarreras / _cNoam Abraham Chomsky ; tr. Santiago Alcoba. |
| 260 |
_aMéxico : _bPaidós, _c1990. |
||
| 300 | _a191 p. | ||
| 440 | 0 |
_aPaidós comunicación ; _v38 |
|
| 650 | 4 |
_aGRAMATICA GENERATIVA _97722 |
|
| 905 | _aLibro | ||
| 999 |
_c5396 _d5396 |
||